| 000 | 00694nam a22001937a 4500 | ||
|---|---|---|---|
| 999 |
_c165531 _d165531 |
||
| 005 | 20190621112917.0 | ||
| 010 | _aB-125693 | ||
| 020 |
_a9789386223029 _c995.00 |
||
| 035 | _aEN-109225 | ||
| 037 | _bDBAD/PUB | ||
| 082 | _a577.6309485 | ||
| 100 | _aRao, Madireddi V. Subba | ||
| 245 |
_akolleru Lake a boon to Andhra Pradesh, India ( Limnological studies)/ _cby Madireddi V. Subba Rao [and] Somarouth Prabhakara Rao |
||
| 260 |
_aDelhi _bB.R Publishing Corporation _c2017 |
||
| 270 |
_a425, Nimri Colony, Ashok Vihar, Phase-IV, _bDelhi _e110052 _mbrpc@vsnl.com |
||
| 300 |
_axx,180p. _c22cm(Hb) |
||
| 700 | _aMadireddi V. Subba Rao | ||
| 942 |
_2ddc _cEN _h577.63095485 _mRAO |
||